| 000 | 00532nam a22001817a 4500 | ||
|---|---|---|---|
| 005 | 20170725160221.0 | ||
| 010 | _aENG-119383 | ||
| 020 |
_a9788184654998 _c250.00 |
||
| 035 | _aEN-102915 | ||
| 037 | _bDBAD/PUB | ||
| 082 | _a280.21 | ||
| 245 |
_aEarth Bible sermons-2 / _cedited by Mathew Koshy Punnackad |
||
| 260 |
_aDelhi _bISPCK _c2015 |
||
| 270 |
_a1654,Madarsa Road,Kashmere Gate _bDelhi _e110006 |
||
| 300 |
_axix,169p. _c25cm(pbk) |
||
| 700 | _aPunnackad,Mathew Koshy | ||
| 942 |
_2ddc _cEN _h280.21 _mPUN |
||
| 999 |
_c142822 _d142822 |
||